| 000 | 00553nam a22001937a 4500 | ||
|---|---|---|---|
| 003 | IBSLLIB | ||
| 005 | 20260514070249.0 | ||
| 008 | 260514b |||||||| |||| 00| 0 eng d | ||
| 020 | _a9781847370914 | ||
| 040 |
_aIBSLLIB _beng |
||
| 041 | _hEnglish | ||
| 082 |
_a323.4 _bGOL |
||
| 100 | _aGoldfarb , Alex | ||
| 245 |
_aDeath Of A Dissident : _bThe Poisoning Of Alexander Litvinenko And The Return Of The KGB |
||
| 260 |
_aUK : _bSimon & Schuster , _c2007 |
||
| 300 |
_a370 P ; _c23 cm |
||
| 700 |
_aLitvinenko , Marina _eCoo Author |
||
| 942 | _cLBK | ||
| 999 |
_c22134 _d22134 |
||